00537 2200205 4500001002100000005001500021035002000036007000300056008004100059020002200100082001200122084001800134100001700152245003600169250001100205260004200216300004100258650002300299990000900322INLIS00000000001127120220427022733 a0010-0422000070ta220427 b 0 ind  a978-602-9473-43-8 a363.349 a363.349 RAH s0 aRAHMAN, Anee1 aSiaga Gempa Bumi /cAnee Rahman aCet. 1 aJakarta :bBee Media Indonesia,c2014 aii, 26 hlm :b.ilust ;c14,6 x 21 cm 4aPENANGANAN BENCANA a4961